Statistics for British Words Quiz #2

Click here to take the quiz!

General Stats

  • This quiz has been taken 79,494 times
    (62,763 since last reset)
  • The average score is 15 of 24

Answer Stats

American British % Correct
ElevatorLift
95%
CookieBiscuit
90%
PantsTrousers
83%
Last NameSurname
81%
EraserRubber
77%
DiaperNappy
77%
GarbageRubbish
76%
Trash CanBin
75%
FlashlightTorch
71%
MathMaths
69%
TruckLorry
69%
ZeeZed
68%
TakeoutTakeaway
65%
SidewalkPavement
62%
14 PoundsStone
60%
PantiesKnickers
57%
CounterclockwiseAnticlockwise
57%
Parking LotCar Park
56%
Interstate HighwayMotorway
55%
NapkinServiette
43%
WrenchSpanner
42%
Fat TuesdayShrove Tuesday
35%
Drunk DrivingDrink Driving
29%
SketchyDodgy
28%

Score Distribution

Percentile by Number Answered

Percent of People with Each Score

Your Score History

You have not taken this quiz since the last reset